Українська православна ієрархія ранньомодерного часу : інтелектуальний та духовний виміри (Запис № 571619)
[ простий вигляд ]
| 000 -Лідер | |
|---|---|
| fixed length control field | 03555nam a22002417a 4500 |
| 003 - Ідентифікатор контрольного номера | |
| control field | UA-OsUOA |
| 005 - Дата та час останнього входження (трансакції) | |
| control field | 20211013160819.0 |
| 008 - Елементи даних фіксованої довжини – загальна інформація | |
| fixed length control field | 211013b un ||||| |||| 00| 0 ukr d |
| 040 ## - Джерело каталогізації | |
| Агенція оригінальної каталогізації | UA-OsUOA |
| Мова каталогізації | ukr |
| Агенція, яка здійснювала перезапис | UA-OsUOA |
| Агенція, яка здійснювала модифікацію | UA-OsUOA |
| 041 ## - Код мови | |
| Код мови тексту/ звукової доріжки чи окремого заголовка (П) | ukr |
| 080 ## - Індекс Універсальної десяткової класифікації | |
| Індекс Універсальної десяткової класифікації (УДК) (НП) | 94(477):271.2-472:130.122"16/17"(043.3) |
| 090 ## - Локальний шифр розміщення | |
| Класифікаційний індекс УДК | 94(477):271.2-472:130.122"16/17"(043.3) |
| 095 ## - Код спеціальності для авторефератів | |
| Код спеціальності | 07.00.01 |
| Назва спеціальності | історія України |
| 100 ## - Основне введення – ім’я особи | |
| Ім’я особи (НП) | Кагамлик С. Р. |
| 245 ## - Відомості про назву | |
| Назва (НП) | Українська православна ієрархія ранньомодерного часу : інтелектуальний та духовний виміри |
| Дані про відповідальність (НП) | Кагамлик Світлана Романівна ; наук. керівник Мордвінцев В'ячеслав Михайлович |
| 260 ## - Публікація, розповсюдження і т.п. (Вихідні дані) | |
| Місце публікації, розповсюдження і т.п. (П) | Тернопіль |
| Дата публікації, розповсюдження і т.п. (П) | 2021 |
| 300 ## - Фізичний опис | |
| Обсяг | 40 с. |
| 502 ## - Примітка про дисертацію | |
| Зв'язок | Автореферат дисертації на здобуття наукового ступеня доктора історичних наук<br/> |
| Наймення інституції, що представляється | Тернопільський національний педагогічний університет імені Володимира Гнатюка |
| Рік отримання вченого ступеня | 2021 |
| 520 ## - Резюме і т.п. | |
| Резюме, реферат, анотація, тощо (НП) | У роботі на основі комплексного аналізу опублікованих та нововиявлених архівних матеріалів уперше розкрито діяльність українських православних архієреїв ранньомодерного часу в інтелектуальному та духовному вимірах. Досліджено освітні стратегії майбутніх архієреїв; визначено сфери реалізації їхнього інтелектуального потенціалу до архієрейської хіротонії, коло читацьких інтересів та склад приватних книгозбірень. Розкрито мотивацію обрання майбутніми ієрархами сфери духовного служіння, їхнє власне бачення свого архієрейського покликання; реконструйовано ціннісні пріоритети та філософсько-світоглядні орієнтири українських архієреїв. Висвітлено особливості місійної та проповідницької діяльності ієрархів-українців, а також форми і засоби їхньої культурно-просвітницької активності на теренах України і Росії. Проаналізовано епістолярну спадщину архієреїв-українців як засіб інтелектуальної діяльності та вияв функціонування «могилянського інтелектуального простору». Охарактеризовано творчу спадщину українських православних ієрархів та її вплив на культуру народів Європи. Доведено, що українська православна ієрархія, сформована Київською Академією, стала яскравим феноменом в історії України ранньомодерного часу. |
| 650 ## - Додаткове предметне введення – тематичний термін | |
| Джерело заголовка чи терміна | UDC |
| Тематичний термін чи географічна назва, як елемент введення (НП) | 94 Історія загалом |
| 942 ## - Додаткові елементи входу (Коха) | |
| Source of classification or shelving scheme | Universal Decimal Classification |
| Тип елемента Koha | Автореферат |
| 955 ## - Код типу видання за змістом | |
| Код типу видання за змістом (НП) | Наукові видання |
Немає доступних примірників.